| 000 | 00421nam a22001457a 4500 | ||
|---|---|---|---|
| 005 | 20240110130941.0 | ||
| 008 | 190911b xxu||||| |||| 00| 0 eng d | ||
| 020 | _a978-93-81075-55-5 | ||
| 041 | _aeng | ||
| 100 |
_aDUA ,KAMAL & PABREJA, KAVITA , SHARMA, VIJAY KUMAR _95084 |
||
| 245 | _aCOMMUNITY PHARMACY : BASIC PRINCIPAL AND CONCEPTS | ||
| 260 |
_aHYDERABAD _bPHARMAMED PRESS _c2012 |
||
| 300 | _a165p, | ||
| 942 | _cBK | ||
| 999 |
_c5989 _d5987 |
||